Der Leutnant Yorck von Wartenburg

Hlavní autor: Hermlin, Stephan, 1915-1997
Jazyk: Němčina
Vydáno: Leipzig : Insel-Verlag, 1964
Vydání: 2. Aufl.
Fyzický popis: 53 s.
Knihy
Uloženo v:
LEADER 00560nam a22001932a 4500
001 000487836
003 CZ BrMZK
005 20000105143423.0
007 ta
008 000105s1964 gw f ger d
040 |a BOA001  |b cze 
100 1 |a Hermlin, Stephan,  |d 1915-1997  |7 jn20000700698 
245 1 4 |a Der Leutnant Yorck von Wartenburg 
250 |a 2. Aufl. 
260 |a Leipzig :  |b Insel-Verlag,  |c 1964 
300 |a 53 s. 
910 |a BOA001  |b 1-0536.824 
990 |a BK 
996 7 |b 2619753867  |c 1-0536.824  |l MZK  |r Sklad / do 1 hodiny  |n 3  |w 000487836  |u 000010  |a 1  |e BOA001  |j MZK50  |s A